000
00259nam a2200109Ia 4500
008
190216s9999||||xx |||||||||||||| ||und||
100
_a
Govindapilla P K
245
0
_a
Tagorinde Prabanthangal
260
_b
Sahithya Accadamy
650
_a
Lekhanam
942
_c
BK
999
_c
24487
_d
24487